000 00498cam a22001814a 4500
005 20250605163401.0
008 250528s ||||||||||||||||||||||||d
035 _a18052
040 _aGR-AtMCL
_bgre
_dGR-AtMCL
_eAACR2
245 1 _aΕΙΣΑΓΩΓΗ ΣΤΗ ΧΡΗΜΑΤΟΟΙΚΟΝΟΜΙΚΗ ΛΟΓΙΣΤΙΚΗ
250 _a1
260 _bΑυτοεκδοση,
_c1988
300 _a347
700 1 _aΝαουμ Χρηστος Βας
942 _cBK
999 _c3444
_d3444